000 00991cam a2200253 i 4500
003 SA-RiAUC
005 20250613145845.0
008 250613s1983 su g 000 0 ara c
040 _aJO-AmJU
_bara
_cSA-RiAUC
_erda
082 0 4 _a231
_qSA-RiAUC
090 _a231
_bا ب و ش
100 1 _aأبو شهبة، محمد بن محمد،
_d1914-1983
_eمؤلف.
245 1 2 _aالوسيط في علوم ومصطلح الحديث /
_cمحمد بن محمد أبو شهبة.
264 1 _aجدة، السعودية :
_bعالم المعرفة للنشر والتوزيع،
_c1983
300 _a779 صفحة ؛
_c24 × 17 سم
336 _aنص
_btxt
_2rdacontent
_3كتاب
337 _aبدون وسيط
_bn
_2rdamedia
338 _aمجلد
_bnc
_2rdacarrier
504 _aيشتمل على إرجاعات ببليوجرافية.
650 7 _aعلم الحديث
_2aucsh
650 7 _aالحديث
_xمصطلح
_2aucsh
942 _2ddc
_cBOOK
_n0
949 _aSA-JeALM
_d250613
_umohamedma123
_n1
999 _c8900
_d8900